| 000 | 01048nam a22003131a 4500 | ||
|---|---|---|---|
| 999 |
_c2987 _d2987 |
||
| 001 | 010711889 | ||
| 003 | UkOxU | ||
| 005 | 20230914105243.0 | ||
| 008 | 930721s1986 enk 000 0 eng d | ||
| 010 | _aLC 86-228819 | ||
| 020 | _a041342460X | ||
| 020 | _a9780413424600 | ||
| 035 | _aCURL Interim file ISBN26 | ||
| 040 | _cKH8 | ||
| 043 | _ae-gr--- | ||
| 082 | _a882.01 SOP | ||
| 100 | 0 |
_aSophocles, _eauthor. |
|
| 240 | 1 | 0 |
_aWorks. _kSelections _lEnglish _f1986 |
| 245 | 1 | 4 |
_aThe Theban plays : _bOedipus the King ; Oedipus at Colonus ; Antigone / _ctranslated and introduced by Don Taylor. |
| 260 |
_aLondon : _bMethuen, _c1986. |
||
| 300 |
_alii, 200 p ; _c18 cm. |
||
| 505 | 0 | _aContents: Oedipus the King -- Oedipus at Colonus -- Antigone | |
| 600 | 0 | 0 |
_aSophocles _xTranslations into English. |
| 600 | 0 | 0 |
_aAntigone _c(Mythological character) _vDrama. |
| 600 | 0 | 0 |
_aOedipus _c(Greek mythological figure) _vDrama. |
| 650 | 0 |
_aSeven against Thebes (Greek mythology) _xDrama. |
|
| 830 | 0 | _aWorld dramatists (Methuen) | |
| 942 |
_2ddc _cTR |
||